Capitals Of Brazilian States - Statistics

General Stats
  • This quiz has been taken 16 times
  • The average score is 17 of 27
Answer Stats
Capital State % Correct
Rio de Janeiro Rio de Janeiro
100%
São Paulo São Paulo
100%
Belo Horizonte Minas Gerais
92%
Manaus Amazonas
92%
Brasília Distrito Federal
85%
Salvador Bahia
85%
Belém Pará
77%
Curitiba Paraná
77%
Fortaleza Ceará
77%
Porto Alegre Rio Grande do Sul
77%
Recife Pernambuco
77%
Goiânia Goiás
69%
Florianópolis Santa Catarina
62%
Macapá Amapá
62%
Rio Branco Acre
62%
Vitória Espírito Santo
62%
Boa Vista Roraima
46%
Cuiabá Mato Grosso
46%
João Pessoa Paraíbo
46%
Maceió Alagoas
46%
Natal Rio Grande do Norte
46%
Palmas Tocantins
46%
Porto Velho Rondônia
46%
São Luís Maranhão
46%
Aracaju Sergipe
38%
Campo Grande Mato Grosso do Sul
38%
Teresina Piauí
38%
No matching quizzes found
Score Distribution
Percent of People with Each Score
Percentile by Number Answered
Your Score History
You have not taken this quiz